| 000 | 00745cam a22002533a 4500 | ||
|---|---|---|---|
| 001 | 1314 | ||
| 003 | PGUSA | ||
| 005 | 20140828082959.0 | ||
| 008 | 980501s1998||||xxu|||||s|||||000 1 eng d | ||
| 040 |
_aPGUSA _beng |
||
| 042 | _adc | ||
| 050 | 4 | _aPR | |
| 100 | 1 |
_aOppenheim, E. Phillips _q(Edward Phillips), _d1866-1946 |
|
| 245 | 1 | 4 |
_aThe Malefactor _h[electronic resource] / _cE. Phillips Oppenheim |
| 260 |
_bProject Gutenberg, _c1998 |
||
| 500 | _aTitle in England: Mr. Wingrave, Millionaire | ||
| 506 | _aPublic domain in the USA. | ||
| 516 | _aElectronic text | ||
| 653 | _aDetective and mystery stories | ||
| 653 | _aFiction | ||
| 830 | 0 |
_aProject Gutenberg _v1314 |
|
| 856 | 4 | 0 | _uhttp://www.gutenberg.org/ebooks/1314 |
| 942 | _cEB | ||
| 999 |
_c230662 _d230662 |
||